000 00496nam a2200169Ia 4500
999 _c31685
_d31685
003 OSt
005 20200810111824.0
008 190216s9999||||xx |||||||||||||| ||und||
020 _a9788125020769
040 _coclc
082 _a372.7044
_bFLA/M
100 _aFlatt, John
_94019
245 0 _a366 Maths Plus Ideas /
_cJohn Flatt
260 _bPearson Education International,
_c1999.
_aNew Delhi:
300 _a188p
942 _cBK
_2ddc
_h372.7044
_iFLA/M
_k372.7044
_mFLA/M